Statistics for All League Of Legends Items (10.5)

Click here to take the quiz!

General Stats

  • This quiz has been taken 13 times
    (9 since last reset)
  • The average score is 85 of 163

Answer Stats

Item CostAnswer% Correct
3300Blade of the Ruined King
100%
75Control Ward
100%
400Doran's Ring
100%
450Doran's Shield
100%
3000Morellonomicon
100%
3600Rabadon's Deathcap
100%
3733Trinity Force
100%
2900Zhonya's Hourglass
100%
1300B. F. Sword
88%
3000Black Cleaver
88%
850Blasting Wand
88%
3500Bloodthirster
88%
350Dark Seal
88%
450Doran's Blade
88%
50Health Potion
88%
3400Infinity Edge
88%
350Long Sword
88%
2400Manamune / Muramana
88%
1400Mejai's Soulstealer
88%
0Oracle Lens
88%
400Ruby Crystal
88%
850Tear of the Goddess
88%
0Warding Totem
88%
435Amplifying Tome
75%
2300Ardent Censer
75%
1100Berserker's Greaves
75%
1000Boots of Mobility
75%
300Boots of Speed
75%
300Cloth Armor
75%
500Corrupting Potion
75%
300Dagger
75%
2900Dead Man's Plate
75%
3300Essence Reaver
75%
2800Guardian Angel
75%
2800Hextech GLP-800
75%
2500Hextech Protobelt-01
75%
3100Liandry's Torment
75%
3200Lich Bane
75%
3000Nashor's Tooth
75%
1100Ninja Tabi
75%
1250Phage
75%
2600Phantom Dancer
75%
150Refillable Potion
75%
2600Runaan's Hurricane
75%
350Sapphire Crystal
75%
1050Sheen
75%
600Stopwatch
75%
2850Warmorg's Armor
75%
3200Archangel's Staff
63%
900Bami's Cinder
63%
900Boots of Swiftness
63%
800Cloak of Agility
63%
3500Death's Dance
63%
3000Edge of Night
63%
500Elixir of Iron
63%
500Elixir of Sorcery
63%
900Ionian Boots of Lucidity
63%
2200Locket of the Iron Solari
63%
1100Mercury's Treads
63%
2800Mortal Reminder
63%
1250Needlessly Large Rod
63%
1600Oblivion Orb
63%
875Pickaxe
63%
2600Rapid Firecannon
63%
3500Ravenous Hydra
63%
2100Redemption
63%
2600Rylai's Crystal Scepter
63%
1100Sorcerer's Shoes
63%
1100Stinger
63%
2750Sunfire Cape
63%
2900Thornmail
63%
1325Tiamat
63%
2650Void Staff
63%
2900Youmuu's Ghostblade
63%
1400Zeal
63%
3000Abyssal Mask
50%
3000Banshee's Veil
50%
1000Bramble Vest
50%
1100Caulfield's Warhammer
50%
800Chain Vest
50%
2900Duskblade of Draktharr
50%
800Executioner's Calling
50%
125Faerie Charm
50%
0Farsight Alternation
50%
2700Frozen Heart
50%
2500Gargoyle Stoneplate
50%
1000Giant's Belt
50%
350Hunter's Machete
50%
350Hunter's Talisman
50%
2700Iceborn Gauntlet
50%
2200Knight's Vow
50%
1450Last Whisper
50%
1300Lost Chapter
50%
3200Luden's Echo
50%
2100Mikael's Crucible
50%
450Null-Magic Mantle
50%
1300Quicksilver Sash
50%
150Rejuvenation Bead
50%
400Relic Shield
50%
1100Serrated Dirk
50%
400Spellthief's Edge
50%
2800Spirit Visage
50%
2600Statikk Shiv
50%
3100Stormrazor
50%
2900Wit's End
50%
2250Zeke's Convergence
50%
2100Athene's Unholy Grail
38%
1600Bilgewater Cutlass
38%
450Cull
38%
500Elixir of Wrath
38%
900Fiendish Codex
38%
800Forbidden Idol
38%
3400Hextech Gunblade
38%
1050Hextech Revolver
38%
800Kindlegem
38%
2800Lord Dominik's Regards
38%
2650Righteous Glory
38%
2600Rod of Ages
38%
1100Seeker's Armguard
38%
2250Shurelya's Reverie
38%
1200Spectre's Cowl
38%
3200Sterak's Gage
38%
2400Twin Shadows
38%
1100Aegis of the Legion
25%
850Aether Wisp
25%
2625Enchantment: Bloodrazor
25%
2500Enchantment: Runic Echoes
25%
2625Enchantment: Warrior
25%
Mission GoldFrostfang
25%
3100Frozen Mallet
25%
3100Guinsoo's Rageblade
25%
1300Hexdrinker
25%
600Kircheis Shard
25%
3200Maw of Malmortius
25%
720Negatron Cloak
25%
2900Randuin's Omen
25%
3100Sanguine Blade
25%
Mission GoldShard of True Ice
25%
1000Skirmisher's Sabre
25%
2900Spellbinder
25%
400Steel Shoulderguards
25%
3500Tytanic Hydra
25%
2400Umbral Glaive
25%
900Vampiric Scepter
25%
1100Catalyst of Aeons
13%
2500Enchantment: Cinderhulk
13%
900Glacial Shroud
13%
1500Haunting Guise
13%
1200Jaurim's Fist
13%
3400Mercurial Scimitar
13%
400Spectral Sickle
13%
1000Stalker's Blade
13%
1000Warden Mail
13%
2800Adaptive Helmet
0%
Mission GoldBlack Mist Scythe
0%
Mission GoldBulwark of the Mountain
0%
800Chalice Of Harmony
0%
600Crystaline Bracer
0%
Mission GoldHarrowing Crescent
0%
Mission GoldPauldrons of Whiterock
0%
1000Recurve Bow
0%
Mission GoldRunesteel Spaulders
0%
Mission GoldTargon's Buckler
0%

Score Distribution

Percentile by Number Answered

Percent of People with Each Score

Your Score History

You have not taken this quiz since the last reset